Bojovník za revolučnú pravdu

Bibliographic Details
Main Author: Škoda, Ján (Author)
Format: Article
Language:Slovak
Subjects:

MARC

LEADER 00000nab a2200000 a 4500
001 vtls000121117
003 SK-MaSNL
005 20260303032923.0
008 160215c1982 xo 0 slo
015 |a SNBRB19rr/mm-uuuuu 
035 |a CL0131222 
040 |a SNKBUCL  |b slo  |c SNKBUCL  |e AACR2 
041 0 |a slo 
044 |a xo  |c SK 
080 |a 329.15(437)KSČ  |2 1981 
080 |a 929 Biľak, Vasil  |2 1981 
100 1 |a Škoda, Ján  |4 aut  |9 396537 
245 1 0 |a Bojovník za revolučnú pravdu  |c Ján Škoda 
600 1 7 |a Biľak, Vasil,  |d 1917-2014  |2 snkbucl  |9 167040 
655 7 |a články z novín a časopisov  |2 snkbucl  |9 267496 
773 0 |t Práca  |g Roč. 37, č. 188 (10. 8. 1982), s. 3 
850 |a Slovenská národná knižnica v Martine  |a MTA001 
852 |a SNK  |b KIS3GCP 
958 |a BX 
958 |a RK 
992 |a RBX 
999 |c 1667721  |d 1669651